000 00523 a2200181 4500
001 32064
005 20260407155621.0
008 260407a1968 arg spa d
003 AR-UNSa-BCEJYS
040 _aAR-UNSa-BCEJYS
_bspa
_cAR-UNSa-BCEJYS
080 _a658
_xAdministración de empresas. Organización comercial
245 1 0 _aEnciclopedia de la empresa moderna
264 1 _aBilbao :
_bEdiciones Deusto
_c1968
300 _a14 v.
_c22 cm.
041 _aspa
942 _cBK
590 _aniveau_biblio:m niveau_hierar:0
999 _c2239
_d2239